| 000 | 00769nam a2200265 a 4500 | ||
|---|---|---|---|
| 001 | 72756 | ||
| 003 | BD-RjUL | ||
| 005 | 20211209082315.0 | ||
| 008 | 170523r19681966enka 001 0 eng d | ||
| 020 | _c11/6 | ||
| 035 | _a(BD-RjUL)72974 | ||
| 040 |
_aDLC/ICU _cICU _dBD-RjUL _beng |
||
| 041 | _aeng | ||
| 082 | 0 | 0 |
_223 _a581.9 _bRIW 1968 |
| 100 | 1 |
_aRiley, Denis. _d1913- _9215219 |
|
| 245 | 1 | 0 |
_aWorld vegetation / _cby Denis Riley and Anthony Young. |
| 260 |
_aLondon : _bCambridge U.P., _cc1966 [Reprintrd 1968] |
||
| 300 |
_a96 p. : _bill. ; _c25 cm. |
||
| 500 | _aIncludes index. | ||
| 650 | 0 |
_aPhytogeography. _9159204 |
|
| 650 | 0 |
_aPlant ecology _9215220 |
|
| 700 | 1 |
_aYoung, Anthony, _ejoint author. _9215221 |
|
| 942 |
_2ddc _cBK |
||
| 999 |
_c72756 _d72756 |
||